Thermodynamics (Record no. 7801)

000 -LEADER
fixed length control field 00495nam a22002057a 4500
001 - CONTROL NUMBER
control field 7801
003 - CONTROL NUMBER IDENTIFIER
control field BD-DhUET
008 - FIXED-LENGTH DATA ELEMENTS--GENERAL INFORMATION
fixed length control field 141212b xxu||||| |||| 00| 0 eng d
040 ## - CATALOGING SOURCE
Transcribing agency 0
Modifying agency BD-DhUET
082 ## - DEWEY DECIMAL CLASSIFICATION NUMBER
Classification number 621.01
Item number OBE/1963
100 ## - MAIN ENTRY--PERSONAL NAME
Personal name Obert, Edward F.
245 ## - TITLE STATEMENT
Title Thermodynamics
250 ## - EDITION STATEMENT
Edition statement 2nd ed.
260 ## - PUBLICATION, DISTRIBUTION, ETC. (IMPRINT)
Place of publication, distribution, etc. New York
Name of publisher, distributor, etc. McGraw-Hill Book
Date of publication, distribution, etc. 1963
300 ## - PHYSICAL DESCRIPTION
Extent xxi,596p.
504 ## - BIBLIOGRAPHY, ETC. NOTE
Bibliography, etc Includes bibliographies
650 #0 - SUBJECT ADDED ENTRY--TOPICAL TERM
Topical term or geographic name as entry element Thermodynamics
700 ## - ADDED ENTRY--PERSONAL NAME
Personal name Gaggioli, Richard A.
942 ## - ADDED ENTRY ELEMENTS (KOHA)
Koha item type General Book
Holdings
Koha normalized classification for sorting Piece designation (barcode) Koha date last seen Damaged status Source of classification or shelving scheme Not for loan Lost status Location (home branch) Shelving location Koha item type Date acquired Withdrawn status Copy number Sublocation or collection (holding branch) Price effective from Koha full call number
621_010000000000000_OBE_196364022014-12-12    Central Library, BUETCirculation sectionGeneral Book2014-12-12 1Central Library, BUET2014-12-12621.01/OBE/1963
621_010000000000000_OBE_196364032014-12-12    Central Library, BUETCirculation sectionGeneral Book2014-12-12 2Central Library, BUET2014-12-12621.01/OBE/1963
621_010000000000000_OBE_1963157312014-12-12    Central Library, BUETCirculation sectionGeneral Book2014-12-12 3Central Library, BUET2014-12-12621.01/OBE/1963
621_010000000000000_OBE_1963187032014-12-12    Central Library, BUETCirculation sectionGeneral Book2014-12-12 4Central Library, BUET2014-12-12621.01/OBE/1963
621_010000000000000_OBE_1963187062014-12-12    Central Library, BUETCirculation sectionGeneral Book2014-12-12 5Central Library, BUET2014-12-12621.01/OBE/1963
621_010000000000000_OBE_1963187082014-12-12    Central Library, BUETCirculation sectionGeneral Book2014-12-12 6Central Library, BUET2014-12-12621.01/OBE/1963
621_010000000000000_OBE_1963187052014-12-12    Central Library, BUETCirculation sectionGeneral Book2014-12-12 7Central Library, BUET2014-12-12621.01/OBE/1963
621_010000000000000_OBE_1963187022014-12-12    Central Library, BUETCirculation sectionGeneral Book2014-12-12 8Central Library, BUET2014-12-12621.01/OBE/1963
621_010000000000000_OBE_1963187072015-04-12    Central Library, BUETCirculation sectionGeneral Book2015-04-12 9Central Library, BUET2015-04-12621.01/OBE/1963